| 000 | 00630nam a2200205 a 4500 | ||
|---|---|---|---|
| 005 | 20140412111400.0 | ||
| 008 | 010321s19uu xx 00 eng d | ||
| 020 | _a0-590-45801-9 | ||
| 050 |
_aER _bMo74 1993 |
||
| 100 | _aGave, Marc | ||
| 245 |
_aMonkey see, monkey do / _cby Marc Gave ; illustrated by Jacqueline Rogers. |
||
| 260 |
_aNew York : _bScholastic Inc, _c1993. |
||
| 300 | _a1 v. (unp.) ; ill. | ||
| 440 | _aHello Reader | ||
| 520 | _aRhyming text relates the antics of monkeys that play all day. | ||
| 650 | _aMonkeys - Fiction | ||
| 650 | _aPlay - Fiction | ||
| 650 | _aStories in rhyme | ||
| 999 |
_c105458 _d105458 |
||